Statistical methods for digital computers / (Record no. 54788)

MARC details
000 -CABECERA
campo de control de longitud fija 00746nam a2200229 a 4500
005 - FECHA Y HORA DE LA ÚLTIMA TRANSACCIÓN
campo de control 20260205064035.0
008 - ELEMENTOS DE LONGITUD FIJA--INFORMACIÓN GENERAL
campo de control de longitud fija 991125c1977 new 000 0 eng u
020 ## - NÚMERO INTERNACIONAL NORMALIZADO PARA LIBROS
Número Internacional Estándar del Libro 0471706906
035 ## - NÚMERO DE CONTROL DEL SISTEMA
Número de control de sistema UPN01000054788
049 ## - COLECCIÓN
Colección CG
050 #4 - SIGNATURA TOPOGRÁFICA DE LA BIBLIOTECA DEL CONGRESO
Número de clasificación QA76.5
Número de documento/Ítem S8.4
245 00 - MENCIÓN DE TÍTULO
Título Statistical methods for digital computers /
Mención de responsabilidad, etc. ed. by Kurt Enslein, Anthony Ralston, Herbert S. Wilf.
260 ## - PUBLICACIÓN, DISTRIBUCIÓN, ETC.
Lugar de publicación, distribución, etc. New York :
Nombre del editor, distribuidor, etc. J. Wiley,
Fecha de publicación, distribución, etc. 1977.
300 ## - DESCRIPCIÓN FÍSICA
Extensión 454 p. :
Otras características físicas il.
440 #0 - MENCIÓN DE SERIE/ASIENTO SECUNDARIO--TÍTULO
Título Mathematical methods for digital computer ;
Designación de volumen o secuencia 3
650 #4 - ASIENTO SECUNDARIO DE MATERIA - TERMINO TEMATICO
Término de materia o nombre geográfico como elemento de entrada COMPUTADORAS ELECTRONICAS DIGITALES
9 (RLIN) 7644
650 #4 - ASIENTO SECUNDARIO DE MATERIA - TERMINO TEMATICO
Término de materia o nombre geográfico como elemento de entrada Diseño experimental
9 (RLIN) 14286
700 1# - ASIENTO SECUNDARIO--NOMBRE DE PERSONAL
Nombre de persona Enslein, Kurt,
Término indicativo de función/relación ed.
700 1# - ASIENTO SECUNDARIO--NOMBRE DE PERSONAL
Nombre de persona Ralston, Anthony,
Término indicativo de función/relación ed.
700 1# - ASIENTO SECUNDARIO--NOMBRE DE PERSONAL
Nombre de persona Wilf, Herbert S.,
Fechas asociadas al nombre 1931-,
Término indicativo de función/relación coaut.
905 ## - TIPO DE MATERIAL
Tipo de material Libro
Holdings
Estado de retiro Estado de pérdida Fuente del sistema de clasificación o colocación Estado dañado No para préstamo Código de colección Localización permanente Ubicación/localización actual Ubicación en estantería Enumeración/cronología de publicación seriada Total de préstamos Clasificación Código de barras Fecha visto por última vez Número de copia Tipo de ítem Koha
    Library of Congress Classification     Colección General Bib. Gregorio Torres Quintero Bib. Gregorio Torres Quintero Planta baja -   QA76.5 S8.4 35091 31/12/2020 1 Libro